000 01654cam a2200301 4500500
005 20260322004930.0
041 _afre
042 _adc
100 1 0 _aPetiau, Anne
_eauthor
700 1 0 _aRist, Barbara
_eauthor
245 0 0 _aPaid caregivers: Between life and career paths
260 _c2023.
500 _a81
520 _aThe French Federative Association of Psychiatry Students (AFFEP) formed a new associative board in October 2021. Various missions accompany this renewal, including the reform and construction of the psychiatry internship model, the continuation of the “Choisir psychiatrie” survey, the maintenance of our role as the national point of reference for psychiatry interns, commitment to our magazine Psy Déchaîné, and the creation of attractive digital content. This roadmap also reaffirms the values that we defend through these missions: federation, cooperation, representation, and diversity. Finally, the AFFEP will unveil this new team and enthusiastically invite you to join our organization.
690 _aaidant
690 _aaidante
690 _aallocation personnalisée d’autonomie (Apa)
690 _adépendance
690 _ahandicap
690 _apersonne âgée dépendante
690 _aprestation compensatrice du handicap (PCH)
690 _aproches aidantes rémunérées
690 _aproches aidants rémunérés
690 _arémunération
690 _atrajectoire de vie
786 0 _nInformations sociales | o 208 | 4 | 2023-05-03 | p. 52-61 | 0046-9459
856 4 1 _uhttps://shs.cairn.info/journal-informations-sociales-2022-4-page-52?lang=en&redirect-ssocas=7080
999 _c1744195
_d1744195